Návrh osobitnej úpravy uplatňovania DPH na základe prijatia platby za dodanie tovaru alebo služby od 1. 1. 2016

Novela zákona o dani z pridanej hodnoty, ktorej cieľom je zlepšiť podmienky uplatňovania DPH pre malé a stredné podniky a uľahčenie plnenia daňových povinností. Smernica Rady 2006/112/ES o spoločnom systéme DPH.

Na minha lista:
Detalhes bibliográficos
Autor principal: Válek, Juraj, 1981-
Formato: Capítulo de Livro
Idioma:eslovaco
Assuntos:
Tags: Adicionar Tag
Sem tags, seja o primeiro a adicionar uma tag!

MARC

LEADER 00000naa a2200000 4500
001 0200580
005 20240502073407.1
041 0 |a slo 
044 |a SK 
245 1 0 |a Návrh osobitnej úpravy uplatňovania DPH na základe prijatia platby za dodanie tovaru alebo služby od 1. 1. 2016  |c Juraj Válek 
520 |a Novela zákona o dani z pridanej hodnoty, ktorej cieľom je zlepšiť podmienky uplatňovania DPH pre malé a stredné podniky a uľahčenie plnenia daňových povinností. Smernica Rady 2006/112/ES o spoločnom systéme DPH. 
610 2 0 |a dane z hodnoty pridanej 
610 2 0 |a systémy daňové 
610 2 0 |a povinnosť daňová 
610 2 0 |a odpočet dane 
610 2 0 |a novelizácia 
610 2 0 |a zákony 
610 2 0 |a dane 
610 2 0 |a harmonizácia 
100 1 |a Válek, Juraj, 1981-